Entry Konu Terimi
001 - KONTROL NUMARASI
- Kontrol alanı: 126772
003 - KONTROL NUMARASI KİMLİĞİ
- Kontrol alanı: TR-BiSEU
005 - SON İŞLEM TARİHİ VE ZAMANI
- Kontrol alanı: 20260207004658.0
008 - SABİT UZUNLUKTAKİ VERİ ÖGELERİ - GENEL BİLGİ
- Sabit uzunlukta kontrol alanı: 260207|| aca||aabn | a|a d
040 ## - KATALOGLAMA KAYNAĞI
- Özgün kataloglama kurumu: TR-BiSEU
- Çeviri kurumu: TR-BiSEU
150 ## - KONU BAŞLIKLARI - KONU TERİMİ
- Konu terimi: İlk Tunç Çağı
670 ## - BİLGİNİN KAYNAĞI
- Bilginin alındığı kaynak: KOHA: (TR-BiSEU)67418: Özatalay, Hasan Giray. 126767, Arkeolojik veriler ışığında, Neolitik Dönem'den İlk Tunç Çağı'nın sonuna kadar Likya ve Pisidya bölgelerinde görülen ölü gömme gelenekleri/
